KOHA-Header-6

The Biology Teacher's Handbook (Record no. 1079)

000 -LEADER
fixed length control field 00322nam a2200133Ia 4500
008 - FIXED-LENGTH DATA ELEMENTS--GENERAL INFORMATION
fixed length control field 190722s9999 xx 000 0 und d
020 ## - INTERNATIONAL STANDARD BOOK NUMBER
International Standard Book Number 978-93-86105-83-7
100 ## - MAIN ENTRY--PERSONAL NAME
Personal name NSTA Press
245 #4 - TITLE STATEMENT
Title The Biology Teacher's Handbook
250 ## - EDITION STATEMENT
Edition statement 4th
260 ## - PUBLICATION, DISTRIBUTION, ETC. (IMPRINT)
Place of publication, distribution, etc New Delhi
Name of publisher, distributor, etc Viva Press
Date of publication, distribution, etc 2017
300 ## - PHYSICAL DESCRIPTION
Extent 338
942 ## - ADDED ENTRY ELEMENTS (KOHA)
Koha item type Books
Holdings
Withdrawn status Lost status Damaged status Not for loan Permanent Location Current Location Shelving location Date acquired Full call number Barcode Date last seen Price effective from Koha item type
        MAJU MAJU Shelf No.A36 2019-07-22 570.71 7704 2019-07-22 2019-07-22 Bio Science

Powered by Koha